[Event "6Ã¨me LUC open"]
[Site "Lille"]
[Date "2015-05-06"]
[Round "4.70"]
[White "CHATTON, Jean-Bernard"]
[Black "TINARRAGE, Xavier"]
[Result "1-0"]
[WhiteElo "1721"]
[BlackElo "1320"]

1. e4 c6 2. d4 d5 3. exd5 cxd5 4. c4 Nf6 5. Nc3 e6 6. Nf3 Be7 7. Bd3 O-O 8. O-O
Nc6 9. Re1 Bd7 10. a3 b6 11. Bf4 Na5 12. cxd5 exd5 13. Ne5 a6 14. Rc1 Nb7 15.
Qf3 Be6 16. Nc6 Qd7 17. Nxe7+ Qxe7 18. Na4 b5 19. Nb6 Rad8 20. Rc7 Qe8 21. Rec1
Nd6 22. Be5 Ng4 23. Bg3 f5 24. h3 Nf6 25. Be5 Nfe4 26. Rxg7+ Kh8 27. Re7+ Kg8
28. Rxe8 Rfxe8 29. Rc7 Nf7 30. Qh5 1-0

*

[Event "6Ã¨me LUC open"]
[Site "Lille"]
[Date "2015-05-06"]
[Round "4.71"]
[White "LARTIGOT, Gerard"]
[Black "BOUDELLE, Gilles"]
[Result "1-0"]
[WhiteElo "1150"]
[BlackElo "1399"]

1. e4 d5 2. exd5 Qxd5 3. Nc3 Qe6+ 4. Be2 Bd7 5. d4 Nc6 6. d5 Qf6 7. dxc6 Bxc6
8. Nf3 e6 9. O-O Bd6 10. Re1 O-O-O 11. Bg5 Bxh2+ 12. Nxh2 Qxg5 13. Nf3 Qf6 14.
Qc1 Ne7 15. Qg5 Ng6 16. Qxf6 gxf6 17. Bb5 Bxf3 18. gxf3 Rhg8 19. Ne4 Nh4+ 20.
Kf1 Nxf3 21. Ke2 Nd4+ 22. Kf1 Nxb5 23. Nxf6 Rg6 24. Nh5 Nd4 25. Rad1 Nxc2 26.
Rxd8+ Kxd8 27. Rd1+ Ke7 28. Rc1 Nb4 29. a3 Nd5 30. b4 c6 31. Rc4 Rg5 32. Nf4
Nxf4 33. Rxf4 h5 34. Ke2 f5 35. Rh4 Kf6 36. f4 Rg4 37. Rxh5 Rxf4 38. Rh6+ Ke5
39. Ke3 b6 40. Rh7 a5 41. b5 c5 42. Rb7 c4 43. Rxb6 Re4+ 44. Kf3 f4 45. Rc6
Re3+ 46. Kf2 c3 47. Rc5+ Kd4 48. Rc6 e5 49. b6 Kd3 50. Rd6+ Kc4 51. b7 c2 52.
b8=Q c1=Q 53. Qc8+ Kb5 54. Qxc1 Rxa3 55. Rd5+ Ka4 56. Qc4# 1-0

*

[Event "6Ã¨me LUC open"]
[Site "Lille"]
[Date "2015-05-06"]
[Round "4.72"]
[White "DE VILLENOISY, Nicole"]
[Black "LECAT, Philippe"]
[Result "1-0"]
[WhiteElo "1090"]
[BlackElo "1399"]

1. e4 e6 2. e5 Nc6 3. Nf3 b6 4. Bc4 Bc5 5. d4 Be7 6. d5 exd5 7. Bxd5 Bb7 8. O-O
f6 9. e6 dxe6 10. Bxc6+ Bxc6 11. Nd4 Qd6 12. Qg4 g6 13. Nxe6 Bd7 14. Re1 f5 15.
Qc4 Bxe6 16. Rxe6 Qd1+ 17. Qf1 Qxf1+ 18. Kxf1 Rd8 19. Nc3 Rd6 20. Re1 Nf6 21.
Nb5 Rc6 22. c3 a5 23. Bf4 Nd5 24. Be5 Rf8 25. Rad1 Rc5 26. Nd4 Kd7 27. Re2 Bd6
28. Rde1 Bxe5 29. Rxe5 Rf6 30. b3 c6 31. c4 Nf4 32. Re7+ Kd6 33. Nf3 h5 34. Ng5
Nd3 35. R1e3 Ne5 36. Re8 f4 37. Re4 Rf5 38. Ne6 Kd7 39. Ng7 f3 40. Nxf5 fxg2+
41. Kxg2 Kxe8 42. Nd6+ Kd7 43. Rd4 Ke6 44. Ne4 Kf5 45. Nxc5 bxc5 46. Rd6 g5 47.
Rh6 h4 48. Rh8 Ng6 49. Rc8 Ne7 50. Rc7 Kf6 51. Kf3 Ke6 52. Kg4 Kf6 53. Ra7 Nf5
54. Rxa5 Ke5 55. Rxc5+ 1-0

*

[Event "6Ã¨me LUC open"]
[Site "Lille"]
[Date "2015-05-06"]
[Round "4.73"]
[White "TOLINI, Gerard"]
[Black "DARONDEL, Marlene"]
[Result "1-0"]
[WhiteElo "1385"]
[BlackElo "1030"]

1. e4 c6 2. Nf3 d5 3. e5 e6 4. d4 Ne7 5. Bg5 b6 6. Bd3 Bd7 7. O-O Qc7 8. Nbd2
Nc8 9. Re1 Bb4 10. c3 Ba5 11. b4 b5 12. bxa5 Qxa5 13. Qc2 O-O 14. Nb3 Qb6 15.
Nc5 Be8 16. Bxh7+ Kh8 17. Bd3 g6 18. Re3 Nd7 19. Nxd7 Bxd7 20. Nh4 Be8 21. Rh3
Qc7 22. Nxg6+ Kg8 23. Nxf8 Kxf8 24. Rh8+ Kg7 25. Rh7+ Kf8 26. Bf6 Ne7 27. Qe2
Kg8 28. Qg4+ Ng6 29. Rh8# 1-0

*

[Event "6Ã¨me LUC open"]
[Site "Lille"]
[Date "2015-05-06"]
[Round "4.74"]
[White "CHACHIACHVILI, Salome"]
[Black "KOPEREC, Mathis"]
[Result "1-0"]
[WhiteElo "1192"]
[BlackElo "1009"]

1. e4 f5 2. exf5 Nf6 3. d4 d5 4. Bd3 Nc6 5. Nf3 e6 6. Nc3 exf5 7. Be3 Bb4 8.
Bd2 f4 9. Bxf4 Bg4 10. Bb5 Qd7 11. O-O Bxf3 12. Qxf3 a6 13. Qe3+ Be7 14. Be2
Nb4 15. Rac1 O-O 16. a3 Nc6 17. b4 Ng4 18. Bxg4 Qxg4 19. Nxd5 Rae8 20. Nxe7+
Rxe7 21. Qb3+ Rff7 22. Be3 Nxd4 23. Bxd4 Qxd4 24. Rcd1 Qe5 25. Rd8+ Re8 26. Rd5
Qe6 27. Rd3 Qe1 28. g3 Qe7 29. Re3 Qf8 30. Rf3 Ree7 31. Rd3 Kh8 32. Re3 Rd7 33.
f4 c5 34. Rfe1 Rd8 35. Qc3 Rc8 36. bxc5 Rf5 37. Qb4 a5 38. Qxa5 h6 39. Re5 Rf6
40. Qb5 Rfc6 41. Qxb7 Rxc5 42. Qe7 Rxc2 43. Qxf8+ Rxf8 44. Ra1 g6 45. a4 Rf5
46. Re8+ Kg7 47. a5 Rc7 48. a6 Rff7 49. Kf2 Rfd7 50. Re2 Kf7 51. Rea2 Ra7 52.
Rb1 Rd6 53. Rb7+ Ke6 54. Rxa7 h5 55. Rg7 Kf6 56. Rh7 Kf5 57. a7 Kg4 58. a8=Q
Rf6 59. Qc8+ Rf5 60. Kg2 g5 61. h3# 1-0

*

[Event "6Ã¨me LUC open"]
[Site "Lille"]
[Date "2015-05-06"]
[Round "3.1"]
[White "SAGAR, Shah"]
[Black "GHARAMIAN, Tigran"]
[Result "1/2-1/2"]
[WhiteElo "2436"]
[BlackElo "2647"]

1. d4 d6 2. c4 e5 3. Nc3 exd4 4. Qxd4 Nf6 5. b3 g6 6. Bb2 Bg7 7. g3 O-O 8. Bg2
Nbd7 9. Nh3 Nc5 10. Rd1 a5 11. O-O a4 12. Nd5 Bxh3 13. Bxh3 Nh5 14. Qd2 c6 15.
Bxg7 Nxg7 16. Nf4 axb3 17. axb3 Nxb3 18. Qxd6 Qxd6 19. Rxd6 Ne8 20. Rd7 Nc5 21.
Re7 Rd8 22. Rb1 Nf6 23. Nd3 Nfe4 24. Nxc5 Nxc5 25. Re5 Nd7 26. Ra5 b6 27. Ra7
Ne5 28. Rxb6 Rd1+ 29. Kg2 Rc1 30. Rc7 Re8 31. Rbb7 Rc2 32. Bd7 Re7 33. Bxc6
Rxc7 34. Rxc7 Rxc4 35. Rc8+ Kg7 36. Bb7 Rxc8 37. Bxc8 f5 38. f4 Nc4 39. Be6 Nd6
40. Kf3 Kf6 41. Bd5 Ke7 42. g4 h6 43. h4 Kf6 44. g5+ hxg5 45. hxg5+ Ke7 46. Ke3
Ne8 47. Kd4 Ng7 48. Ke5 Nh5 49. Bf3 Ng7 50. e3 Ne8 51. Be2 Nd6 52. Bd3 Nf7+ 53.
Kd4 Nd6 54. Bc4 Nxc4 55. Kxc4 Ke6 56. Kc5 Ke7 57. Kd5 Kd7 58. Ke5 Ke7 59. e4
fxe4 60. Kxe4 Ke6 61. Kd4 Kd6 62. Ke4 Ke6 63. f5+ gxf5+ 64. Kf4 Kf7 65. Kxf5
Kg7 66. g6 Kg8 67. Kf6 Kf8 68. g7+ Kg8 69. Kg6 1/2-1/2

*

[Event "6Ã¨me LUC open"]
[Site "Lille"]
[Date "2015-05-06"]
[Round "3.2"]
[White "ZHIGALKO, Andrey"]
[Black "LOISEAU, Quentin"]
[Result "1/2-1/2"]
[WhiteElo "2586"]
[BlackElo "2415"]

1. e4 c5 2. Nf3 e6 3. c3 d5 4. e5 d4 5. Bd3 Bd7 6. O-O Bc6 7. Qe2 g5 8. Be4 Bg7
9. b4 g4 10. Ne1 Qc7 11. f4 gxf3 12. Nxf3 Nd7 13. Bxc6 bxc6 14. bxc5 Nxe5 15.
Nxd4 Rd8 16. Na3 Rd5 17. Nac2 h5 18. Nf3 Ng4 19. d4 N8h6 20. g3 Nf5 21. Bf4 Qa5
22. Qe1 Qa4 23. Nb4 Rd7 24. h3 a5 25. Nd3 Nf6 26. Nde5 Rb7 27. Rb1 Rxb1 28.
Qxb1 O-O 29. Qb3 Qxb3 30. axb3 Ne7 31. Ra1 Ne4 32. c4 f6 33. Nd3 Rd8 34. Re1 f5
35. Nde5 Kf8 36. Ng5 Nxg5 37. Bxg5 Bxe5 38. Rxe5 Kf7 39. Bd2 a4 40. bxa4 Rxd4
41. Be1 Rxc4 42. a5 Nd5 1/2-1/2

*

[Event "6Ã¨me LUC open"]
[Site "Lille"]
[Date "2015-05-06"]
[Round "3.3"]
[White "DI NICOLANTONIO, Lucas"]
[Black "BURMAKIN, Vladimir"]
[Result "1/2-1/2"]
[WhiteElo "2414"]
[BlackElo "2585"]

1. e4 c6 2. Ne2 g6 3. d4 Bg7 4. Nbc3 d6 5. g3 b5 6. Bg2 Bb7 7. O-O a6 8. a4 b4
9. Na2 a5 10. c3 bxc3 11. Naxc3 Nd7 12. f4 Ngf6 13. e5 Nd5 14. exd6 e6 15. f5
gxf5 16. Nf4 Nxf4 17. Bxf4 Qb6 18. Be3 Nf6 19. Kh1 O-O 20. Ra3 Ba6 21. Re1 Nd5
22. Rb3 Qa7 23. Nxd5 cxd5 24. g4 f4 25. Bxf4 Qxd4 26. Qxd4 Bxd4 27. Bg5 Bc4 28.
Rb7 Rfb8 29. Rxb8+ Rxb8 30. d7 f6 31. Rxe6 Kf7 32. Rc6 Rd8 33. Bd2 Rxd7 34.
Bxa5 Bxb2 35. Bd2 Be5 36. a5 Bd4 37. Bf3 Rd8 38. a6 Rb8 39. a7 Bxa7 40. Bc3
Rb1+ 41. Kg2 Bf1+ 42. Kg3 d4 43. Rc7+ Ke6 44. Rxa7 dxc3 45. Be4 Rb2 46. Bxh7
Rg2+ 47. Kf4 Rxh2 48. Be4 Kd6 49. Ra3 Rh3 50. Bf3 c2 51. Rc3 Be2 52. Rc6+ Ke7
53. Bg2 Rh2 54. Be4 Bd1 55. Rc3 Rf2+ 56. Ke3 Re2+ 57. Kf4 Rh2 58. Kg3 Rd2 59.
Kf4 Rd4 60. Ke3 Rd8 61. Bxc2 Bxg4 62. Rb3 Rc8 63. Bd3 Rc7 64. Ke4 Rc1 65. Rb1
Rc3 66. Kf4 Be6 67. Rb7+ Ke8 1/2-1/2

*

[Event "6Ã¨me LUC open"]
[Site "Lille"]
[Date "2015-05-06"]
[Round "3.4"]
[White "LE, Quang Long"]
[Black "CHATALBASHEV, Boris"]
[Result "1-0"]
[WhiteElo "2405"]
[BlackElo "2541"]

1. c4 b6 2. e4 Bb7 3. Nc3 e6 4. a3 Nf6 5. e5 Ne4 6. Nxe4 Bxe4 7. d3 Bb7 8. Qg4
c5 9. Nf3 Bxf3 10. Qxf3 Nc6 11. Qe4 Nd4 12. Rb1 d5 13. exd6 Bxd6 14. Be3 f5 15.
Qb7 Nc2+ 16. Kd2 Nxe3 17. Qc6+ Kf7 18. Qb7+ Be7 19. fxe3 Qd6 20. Be2 Rhd8 21.
g4 Kg8 22. gxf5 exf5 23. Rhg1 f4 24. exf4 Qxf4+ 25. Kc2 Bf6 26. Bf3 Rab8 27.
Qe4 Qxh2+ 28. Rg2 Qe5 29. Qg4 Rd4 30. Bd5+ Kh8 31. Qe2 Re8 32. Qxe5 Rxe5 33. b4
cxb4 34. axb4 h5 35. Ra1 Rexd5 36. cxd5 Rxb4 37. Ra2 a5 38. d4 a4 39. d6 Rc4+
40. Kd1 Rc6 41. Rxa4 Rxd6 42. Rd2 Kh7 43. Ke2 Kg6 44. Rd1 Kf5 45. Kd3 h4 46.
Rf1+ Kg4 47. d5+ Kg3 48. Ke4 Rd8 49. Ra3+ Kg4 50. Rg1+ Kh5 51. Rd1 Re8+ 52. Kf3
g5 53. d6 g4+ 54. Kf2 g3+ 55. Kf3 Rg8 56. Kg2 Bd8 57. Rd5+ Bg5 58. Rf3 Ra8 59.
Rff5 Ra2+ 60. Kf1 Ra1+ 61. Ke2 Ra2+ 62. Kd1 h3 63. Rxg5+ Kh4 64. d7 Ra8 65.
Rh5+ Kg4 66. Rdg5+ Kf4 67. Rg7 h2 68. Ke2 Ra2+ 69. Kd3 Ra3+ 70. Kc4 Ra4+ 71.
Kb3 Rd4 72. Rh4+ Ke3 73. Rxg3+ Kf2 74. Rxd4 h1=Q 75. d8=Q Qb1+ 76. Kc4 b5+ 77.
Kc5 Qf5+ 78. Kb6 Kxg3 79. Rd3+ 1-0

*

[Event "6Ã¨me LUC open"]
[Site "Lille"]
[Date "2015-05-06"]
[Round "3.5"]
[White "VAN DER LENDE, Ilias"]
[Black "BAILET, Pierre"]
[Result "1/2-1/2"]
[WhiteElo "2333"]
[BlackElo "2519"]

1. e4 e5 2. Nf3 Nc6 3. d4 exd4 4. Nxd4 Nf6 5. Nc3 Bb4 6. Nxc6 bxc6 7. Bd3 d5 8.
exd5 O-O 9. O-O cxd5 10. Qf3 Bd6 11. Bg5 c6 12. Bxf6 Qxf6 13. Qxf6 gxf6 14. Ne2
Re8 15. Ng3 Bd7 16. Bf5 Be6 17. b3 a5 18. Rad1 a4 19. Bd3 axb3 20. axb3 Ra2 21.
c4 Bc5 1/2-1/2

*

[Event "6Ã¨me LUC open"]
[Site "Lille"]
[Date "2015-05-06"]
[Round "3.7"]
[White "BAUDE, Christian"]
[Black "DEMUTH, Adrien"]
[Result "0-1"]
[WhiteElo "1735"]
[BlackElo "2515"]

1. d4 Nf6 2. Nf3 g6 3. g3 Bg7 4. Bg2 O-O 5. O-O d6 6. Nbd2 Nbd7 7. c3 e5 8. Qc2
Re8 9. dxe5 dxe5 10. e4 b6 11. b4 a5 12. Bb2 Bb7 13. a3 c5 14. Rfe1 Qc7 15. Qb3
b5 16. c4 bxc4 17. Qxc4 Ba6 18. Qc2 Rac8 19. Rac1 axb4 20. axb4 Qb7 21. bxc5
Nxc5 22. Qb1 Nd3 23. Rxc8 Rxc8 24. Bxe5 Nxe1 25. Qxe1 Bd3 26. Qa1 Qc6 27. Bh3
Qc1+ 28. Kg2 Qxa1 29. Bxa1 Rc2 30. e5 Ne4 31. Nxe4 Bxe4 0-1

*

[Event "6Ã¨me LUC open"]
[Site "Lille"]
[Date "2015-05-06"]
[Round "3.8"]
[White "MANOLACHE, Marius"]
[Black "LECLERCQ, Olivier"]
[Result "1-0"]
[WhiteElo "2498"]
[BlackElo "1545"]

1. d4 d5 2. Nf3 Nf6 3. c4 c6 4. Nc3 Nbd7 5. cxd5 cxd5 6. Bf4 e6 7. e3 Bb4 8.
Bd3 Ne4 9. Bxe4 dxe4 10. Nd2 f5 11. Nb5 Ba5 12. b4 Bb6 13. a4 a6 14. Nd6+ Ke7
15. Qh5 Nf6 16. Qf7# 1-0

*

[Event "6Ã¨me LUC open"]
[Site "Lille"]
[Date "2015-05-06"]
[Round "3.9"]
[White "DESBOIS, Jean-Marie"]
[Black "KARPATCHEV, Aleksandr"]
[Result "0-1"]
[WhiteElo "1609"]
[BlackElo "2466"]

1. e4 e5 2. f4 Bc5 3. Nf3 d6 4. c3 Nc6 5. b4 Bb6 6. b5 Na5 7. fxe5 dxe5 8. d4
Bg4 9. Bb2 Nf6 10. Qd3 exd4 11. cxd4 O-O 12. Nfd2 Re8 13. Kf2 Bh5 14. g3 Ng4+
15. Kg2 Qf6 16. Nf3 Nc4 17. Bc1 Nce5 18. Bg5 Qg6 19. Nxe5 Nxe5 20. Qd2 Nf3 21.
Qc2 Nxg5 22. h4 Nxe4 23. Bd3 Qxg3+ 0-1

*

[Event "6Ã¨me LUC open"]
[Site "Lille"]
[Date "2015-05-06"]
[Round "3.10"]
[White "MAIOROV, Nikita"]
[Black "BIANCHI, Guillaume"]
[Result "1-0"]
[WhiteElo "2563"]
[BlackElo "2150"]

1. d4 Nf6 2. c4 c5 3. d5 b5 4. cxb5 a6 5. bxa6 g6 6. Nc3 Bg7 7. g3 d6 8. Bg2
Bxa6 9. Nh3 Nbd7 10. O-O O-O 11. Bd2 Nb6 12. b3 Bb7 13. e4 Ba6 14. Re1 Nfd7 15.
f4 Ra7 16. Qc2 Bd4+ 17. Kh1 Nf6 18. Be3 Ng4 19. Bg1 h5 20. Rad1 Bg7 21. Ng5 Nd7
22. e5 Qa5 23. Na4 dxe5 24. f5 Bf6 25. Ne4 Kg7 26. fxg6 fxg6 27. Naxc5 Nxc5 28.
Qxc5 Qxc5 29. Nxc5 Bc8 30. Ne6+ Bxe6 31. Bxa7 Bf5 32. Bc5 1-0

*

[Event "6Ã¨me LUC open"]
[Site "Lille"]
[Date "2015-05-06"]
[Round "3.11"]
[White "NAUMKIN, Igor"]
[Black "DUPONT, Arthur"]
[Result "1-0"]
[WhiteElo "2445"]
[BlackElo "1908"]

1. d4 g6 2. c4 Bg7 3. e4 d6 4. Nc3 Nf6 5. Nf3 O-O 6. Be2 e5 7. d5 Ne8 8. h4 h6
9. h5 g5 10. Nh2 f5 11. exf5 Bxf5 12. Bd3 Qd7 13. Nf1 a5 14. Ng3 Bxd3 15. Qxd3
Qg4 16. Nce4 Bf6 17. f3 Qd7 18. Be3 Ng7 19. Nf2 e4 20. Ngxe4 Nf5 21. Nxf6+ Rxf6
22. Ng4 Rf8 23. Bd2 Na6 24. O-O Nc5 25. Qc2 Qh7 26. Rfe1 Rf7 27. Bc3 Raf8 28.
Bxa5 Nd4 29. Qg6+ Rg7 30. Nxh6+ Kh8 31. Qxh7+ Kxh7 32. Bc3 Nc2 33. Bxg7 Kxg7
34. Ng4 Nxa1 35. Rxa1 Re8 36. Rd1 Re2 37. b4 Na6 38. a3 1-0

*

[Event "6Ã¨me LUC open"]
[Site "Lille"]
[Date "2015-05-06"]
[Round "3.12"]
[White "URBANIAK, Patrick"]
[Black "TERRIEUX, Kevin"]
[Result "0-1"]
[WhiteElo "1825"]
[BlackElo "2439"]

1. c4 e6 2. Nc3 d5 3. cxd5 exd5 4. d4 c6 5. Nf3 Bd6 6. g3 Nf6 7. Bg2 O-O 8. O-O
Re8 9. a3 a5 10. Bg5 h6 11. Bd2 Bf5 12. Qb3 Ra7 13. Rfe1 Nbd7 14. Rac1 Nb6 15.
Na4 Nc4 16. Nc5 b6 17. Na4 b5 18. Nc5 Ne4 19. Bc3 Nxc5 20. dxc5 Bxc5 21. Nd4
Bd7 22. e4 Qb6 23. exd5 Bxd4 24. Bxd4 Qxd4 25. dxc6 Rxe1+ 26. Rxe1 Be6 27. Qxb5
Qxb2 28. Qc5 Qb6 29. Qh5 Ra8 30. Qh4 Nxa3 31. Qe7 Nb5 32. Qb7 Rb8 33. Qxb6 Rxb6
34. Rb1 a4 35. c7 a3 36. Bd5 Nxc7 37. Rxb6 Bxd5 38. Rb1 a2 39. Ra1 Nb5 0-1

*

[Event "6Ã¨me LUC open"]
[Site "Lille"]
[Date "2015-05-06"]
[Round "3.13"]
[White "DOURERASSOU, Jonathan"]
[Black "CHACHIACHVILI, Loma"]
[Result "1-0"]
[WhiteElo "2414"]
[BlackElo "1420"]

1. e4 e6 2. g3 Ne7 3. Bg2 Nbc6 4. Nc3 g6 5. d4 d5 6. Bg5 dxe4 7. Bf6 Rg8 8.
Nge2 Bg7 9. Nxe4 Kf8 10. Qd2 Bxf6 11. Nxf6 Rg7 12. O-O-O Nd5 13. Nxd5 exd5 14.
Nf4 Ne7 15. h4 Bf5 16. Rde1 a6 17. Qb4 c6 18. h5 b6 19. hxg6 fxg6 20. Re5 Kg8
21. Rhe1 Ra7 22. Qa3 Qd7 23. f3 Qc7 24. Qe3 a5 25. g4 Bc8 26. Nh3 c5 27. Rxd5
cxd4 28. Rxd4 Bd7 29. Ng5 Bc8 30. Red1 Kh8 31. Rd8+ Rg8 32. Qd4+ Qe5 33. Qxe5#
1-0

*

[Event "6Ã¨me LUC open"]
[Site "Lille"]
[Date "2015-05-06"]
[Round "3.14"]
[White "FARRINGTON, Edward J"]
[Black "LAZAREV, Vladimir"]
[Result "0-1"]
[WhiteElo "2024"]
[BlackElo "2361"]

1. e4 c5 2. d4 cxd4 3. c3 dxc3 4. Nxc3 Nc6 5. Nf3 e6 6. Bc4 a6 7. O-O Nge7 8.
Bg5 h6 9. Bh4 g5 10. Bg3 Ng6 11. Nd5 d6 12. Ne3 Be7 13. Nd4 Nce5 14. Bb3 h5 15.
Qe2 Bd7 16. Rfd1 Rc8 17. Rac1 Rxc1 18. Rxc1 h4 19. Bxe5 dxe5 20. Nf3 O-O 21.
Ng4 Qa5 22. g3 hxg3 23. hxg3 Kg7 24. Qe3 f6 25. Kg2 Rh8 26. Rh1 Rxh1 27. Kxh1
Qc5 28. Qe1 Qb4 29. Nd2 Qd4 30. Kg2 Nh8 31. Nf3 Qd6 32. Qh1 Nf7 33. Qh3 Qc6 34.
Ne3 Bc5 35. Nc4 Qxe4 36. Ncd2 Qe2 37. Bxe6 Qxf2+ 38. Kh1 Bc6 39. Bxf7 Qg1# 0-1

*

[Event "6Ã¨me LUC open"]
[Site "Lille"]
[Date "2015-05-06"]
[Round "3.15"]
[White "WUHRMANN, Daniel"]
[Black "BURGNIES, Stephane"]
[Result "0-1"]
[WhiteElo "1723"]
[BlackElo "2195"]

1. e4 Nf6 2. e5 Nd5 3. d4 d6 4. Nf3 g6 5. Ng5 h6 6. Nxf7 Kxf7 7. Qf3+ Nf6 8.
exf6 exf6 9. Bc4+ Kg7 10. O-O c6 11. Re1 Bf5 12. c3 d5 13. Bd3 Bxd3 14. Qxd3
Bd6 15. Be3 Nd7 16. Nd2 b5 17. Nf3 a5 18. Nh4 Nf8 19. Re2 Qc7 20. h3 Qf7 21.
Rae1 Re8 22. Nf3 Nd7 23. Qd2 g5 24. Nh2 Nb6 25. b3 a4 26. f4 Qc7 27. g3 Re4 28.
fxg5 hxg5 29. Bxg5 Bxg3 30. Bxf6+ Kxf6 31. Rf1+ Kg6 32. Rg2 Rxh3 33. Nf3 Qe7
34. Ne5+ Rxe5 35. dxe5 Qxe5 36. Qf2 Nd7 37. Qf7+ Kh6 38. Qxd7 Qe3+ 39. Rff2
Bxf2+ 40. Rxf2 Qe1+ 41. Kg2 Qh1# 0-1

*

[Event "6Ã¨me LUC open"]
[Site "Lille"]
[Date "2015-05-06"]
[Round "3.16"]
[White "STRIKOVIC, Aleksa"]
[Black "GUERIN, Bernard"]
[Result "1-0"]
[WhiteElo "2526"]
[BlackElo "1730"]

1. c4 e5 2. Nc3 Nc6 3. Nf3 g6 4. d4 exd4 5. Nxd4 Bg7 6. Nxc6 Bxc3+ 7. bxc3 dxc6
8. Qd4 Qxd4 9. cxd4 Be6 10. e4 Nf6 11. d5 cxd5 12. cxd5 Bd7 13. Bb2 Ke7 14. Bd3
Rhe8 15. O-O Nh5 16. Ba3+ Kd8 17. f4 Nf6 18. Rfe1 h5 19. Bb2 Ng8 20. Rac1 f6
21. e5 fxe5 22. fxe5 Bf5 23. Bb5 Re7 24. Bd4 h4 25. d6 1-0

*

[Event "6Ã¨me LUC open"]
[Site "Lille"]
[Date "2015-05-06"]
[Round "3.17"]
[White "DHUYVETTER, Frederik"]
[Black "SHIRAZI, Kamran"]
[Result "0-1"]
[WhiteElo "1809"]
[BlackElo "2385"]

1. d4 Nf6 2. c4 c5 3. d5 b5 4. cxb5 a6 5. bxa6 e6 6. Nc3 exd5 7. Nxd5 Nxd5 8.
Qxd5 Nc6 9. Qe4+ Be7 10. Bd2 d5 11. Qc2 Nd4 12. Qc3 O-O 13. Nf3 Nb5 14. Qc2
Rxa6 15. e4 dxe4 16. Bxb5 exf3 17. Bxa6 fxg2 18. Rg1 Bxa6 19. Rxg2 Bd3 20. Qb3
c4 21. Qb7 Qd6 22. Bf4 Qe6+ 23. Be3 Be4 24. Rxg7+ Kxg7 25. Bd4+ Bf6 26. Bxf6+
Kxf6 0-1

*

[Event "6Ã¨me LUC open"]
[Site "Lille"]
[Date "2015-05-06"]
[Round "3.18"]
[White "MARTYNOV, Pavel"]
[Black "VANDECASTEELE, Louis"]
[Result "1-0"]
[WhiteElo "2440"]
[BlackElo "1831"]

1. d4 Nf6 2. c4 e6 3. Nc3 d5 4. Nf3 c6 5. g3 Bd6 6. Bg2 Nbd7 7. O-O O-O 8. b3
b6 9. Bb2 Bb7 10. Qc2 Rc8 11. Rad1 Qe7 12. e4 dxe4 13. Nxe4 Nxe4 14. Qxe4 Nf6
15. Qc2 c5 16. dxc5 Bxc5 17. Ng5 Bxg2 18. Bxf6 1-0

*

[Event "6Ã¨me LUC open"]
[Site "Lille"]
[Date "2015-05-06"]
[Round "3.20"]
[White "MIDOUX, Sebastien"]
[Black "POURRAHNAMA, Amir"]
[Result "1-0"]
[WhiteElo "2315"]
[BlackElo "1815"]

1. Nf3 Nf6 2. g3 d5 3. Bg2 c6 4. O-O Nbd7 5. d3 e5 6. Nc3 Bd6 7. e4 d4 8. Ne2
h6 9. Nh4 g6 10. h3 Nf8 11. Qe1 Be7 12. Nf3 N6d7 13. Nd2 g5 14. f4 gxf4 15.
gxf4 Bh4 16. Qd1 Rg8 17. Nf3 Nb6 18. f5 Qf6 19. c3 c5 20. b4 cxb4 21. cxd4 Nfd7
22. Bb2 Bg5 23. Nxg5 Qxg5 24. Rf2 f6 25. dxe5 Nxe5 26. Nf4 Bd7 27. Rc1 Bc6 28.
d4 Rd8 29. Qh5+ Nf7 30. d5 Bb5 31. Qxg5 fxg5 32. Nh5 Nd7 33. e5 1-0

*

[Event "6Ã¨me LUC open"]
[Site "Lille"]
[Date "2015-05-06"]
[Round "3.22"]
[White "BANNINK, Bernard"]
[Black "DE LAGONTRIE, Jean"]
[Result "1/2-1/2"]
[WhiteElo "2267"]
[BlackElo "1796"]

1. d4 d5 2. Nf3 c6 3. c4 e6 4. Nc3 dxc4 5. Bg5 f6 6. Bd2 b5 7. e3 a5 8. a4 Bb4
9. axb5 Bxc3 10. Bxc3 cxb5 11. b3 Bb7 12. bxc4 b4 13. Bb2 Ne7 14. Bd3 O-O 15.
O-O Nd7 16. Nd2 f5 17. e4 Nc5 18. Bc2 Nxe4 19. Nxe4 Bxe4 20. Bxe4 fxe4 21. Re1
Qd7 22. Qb3 Kh8 23. Rxe4 Nf5 24. h3 h6 25. d5 exd5 26. cxd5 Kh7 27. Qd3 Kg8 28.
Rae1 a4 29. Rxb4 Nd6 30. Re3 Qf5 31. Qxf5 Nxf5 32. Ra3 Rfd8 33. Raxa4 Rxa4 34.
Rxa4 Rxd5 35. Ra7 Rd1+ 36. Kh2 Rd2 37. Ba1 Rxf2 38. Kg1 Re2 39. g4 Ne7 40. Kf1
Re6 41. Kf2 Kf7 42. Bc3 Re4 43. Kf3 Re6 44. h4 Kg6 45. Rb7 Kf7 46. Bb4 Kf6 47.
g5+ hxg5 48. hxg5+ Kf7 49. Kf4 Re2 50. g6+ Ke8 51. Bxe7 Rxe7 52. Rb8+ Kd7 53.
Kf5 Re8 54. Rb7+ Kd8 55. Rxg7 Rf8+ 56. Kg5 Rf1 1/2-1/2

*

[Event "6Ã¨me LUC open"]
[Site "Lille"]
[Date "2015-05-06"]
[Round "3.23"]
[White "DECLERCQ, Jean"]
[Black "FREDERIC, Clement"]
[Result "1-0"]
[WhiteElo "1763"]
[BlackElo "2231"]

1. d4 f5 2. c4 Nf6 3. Nc3 e6 4. g3 d5 5. Bg2 c6 6. Nf3 Bd6 7. h4 b6 8. cxd5
exd5 9. Bg5 h6 10. Bf4 O-O 11. Qb3 Ne4 12. h5 Kh7 13. Nh4 Re8 14. Nxe4 fxe4 15.
Qc2 Bxf4 16. gxf4 Qf6 17. e3 Kg8 18. Bh3 Bxh3 19. Rxh3 Na6 20. Qa4 Nc7 21. Rc1
c5 22. dxc5 Qxb2 23. Rc2 Qb1+ 24. Kd2 Ne6 25. Rg3 Qf1 26. Nf5 Qxf2+ 27. Kc1
Qe1+ 28. Kb2 bxc5 29. Ka3 Kh8 30. Rcg2 Qc1+ 31. Rb2 Reb8 32. Qc2 Qxb2+ 33. Qxb2
Rxb2 34. Kxb2 Rd8 35. Rg6 Rb8+ 36. Kc2 Rb6 37. Ne7 d4 38. Nd5 Ra6 39. f5 d3+
40. Kd1 Rxa2 41. fxe6 Ra1+ 42. Kd2 Ra2+ 43. Kc3 Rc2+ 44. Kb3 Rc1 45. e7 Rb1+
46. Kc3 Rb8 47. Rd6 1-0

*

[Event "6Ã¨me LUC open"]
[Site "Lille"]
[Date "2015-05-06"]
[Round "3.24"]
[White "GUEZENNEC, Franck"]
[Black "ALLEMAND, Christian"]
[Result "1-0"]
[WhiteElo "2231"]
[BlackElo "1779"]

1. e4 c5 2. Nf3 d6 3. d4 cxd4 4. Nxd4 Nf6 5. Bd3 Qb6 6. O-O g6 7. h3 Bg7 8. Be3
Qa5 9. Nc3 O-O 10. Nb3 Qd8 11. f4 Nc6 12. Qf3 Bd7 13. a4 Nb4 14. a5 Bc6 15. Nd4
Nxd3 16. cxd3 Bd7 17. Rfc1 a6 18. Nde2 Rc8 19. Bb6 Qe8 20. d4 Nh5 21. g4 Nf6
22. e5 dxe5 23. fxe5 Bc6 24. d5 Nxd5 25. Nxd5 e6 26. Nf6+ Kh8 27. Nxe8 1-0

*

[Event "6Ã¨me LUC open"]
[Site "Lille"]
[Date "2015-05-06"]
[Round "3.25"]
[White "CHAIGNET, Lucas"]
[Black "MARIE, Maxime"]
[Result "0-1"]
[WhiteElo "1758"]
[BlackElo "2228"]

1. e4 b6 2. d4 Bb7 3. Bd3 e6 4. Nf3 c5 5. c3 Nf6 6. Qe2 Be7 7. Bf4 Nc6 8. O-O
cxd4 9. cxd4 Nb4 10. Nc3 Nxd3 11. Qxd3 d5 12. exd5 Nxd5 13. Nxd5 Qxd5 14. Rfc1
O-O 15. a3 Bf6 16. Qe3 Rac8 17. Rc3 Rxc3 18. Qxc3 Rc8 19. Qd2 h6 20. h3 g5 21.
Be3 Qf5 22. Ne1 Rd8 23. Qc3 Qe4 24. Rd1 e5 25. Nf3 Qf5 26. Ne1 Qd7 27. Nc2 Rc8
28. Qd3 Qc6 29. Ne1 exd4 30. Bxd4 Rd8 31. Qc3 Qa4 32. Nc2 Be4 33. b3 Qd7 34.
Ne3 Bxd4 35. Qc4 Qd6 36. b4 h5 37. Kf1 Bd5 0-1

*

[Event "6Ã¨me LUC open"]
[Site "Lille"]
[Date "2015-05-06"]
[Round "3.26"]
[White "CHKHAIDZE, Nikoloz"]
[Black "DEKETELAERE, Francky"]
[Result "1-0"]
[WhiteElo "2226"]
[BlackElo "1762"]

1. Nf3 d6 2. d4 Nf6 3. c4 Nbd7 4. Nc3 e5 5. e4 Be7 6. Be2 c6 7. O-O O-O 8. Re1
Qc7 9. Bg5 Re8 10. Bf1 Nf8 11. h3 Ng6 12. Rc1 b6 13. b4 Bd7 14. c5 bxc5 15.
bxc5 dxc5 16. dxe5 Nh5 17. Na4 Rad8 18. Bxe7 Rxe7 19. Qd6 Qc8 20. Qxc5 Nhf4 21.
Red1 Rde8 22. Qe3 Bxh3 23. gxh3 Nxh3+ 24. Bxh3 Qxh3 25. Nc5 Qg4+ 26. Kh1 Nf4
27. Rg1 Qh5+ 28. Nh2 Ne2 29. Rg5 Qh6 30. Re1 Rxe5 31. Rxe5 Rxe5 32. Qxh6 gxh6
33. Nd7 Re7 34. Ng4 1-0

*

[Event "6Ã¨me LUC open"]
[Site "Lille"]
[Date "2015-05-06"]
[Round "3.27"]
[White "MAJHI, Ankit"]
[Black "BILLOT, Daniel"]
[Result "0-1"]
[WhiteElo "2178"]
[BlackElo "1745"]

1. e4 d5 2. exd5 Qxd5 3. Nc3 Qd6 4. d4 Nf6 5. Nf3 a6 6. g3 b5 7. Bg2 Bb7 8. O-O
Nbd7 9. Bf4 Qb6 10. a4 e6 11. Qe2 Bd6 12. Bxd6 cxd6 13. axb5 axb5 14. Qxb5 Qc7
15. Rxa8+ Bxa8 16. Ne1 O-O 17. Bxa8 Rxa8 18. Nd3 Nb6 19. Qg5 Nc4 20. Nb5 Qa5
21. b4 Qa4 22. Nc7 Rc8 23. Qb5 Qxc2 24. Qb7 Rf8 25. Nf4 Nd2 26. Ncxe6 Nxf1 27.
Nxf8 Ne4 28. Nh3 Nfd2 29. Kg2 Qd3 0-1

*

[Event "6Ã¨me LUC open"]
[Site "Lille"]
[Date "2015-05-06"]
[Round "3.28"]
[White "CALOONE, Thomas"]
[Black "DE WEIRD, Evy"]
[Result "1-0"]
[WhiteElo "2175"]
[BlackElo "1730"]

1. e4 c5 2. Nf3 Nc6 3. d4 cxd4 4. Nxd4 g6 5. Be3 Bg7 6. Nc3 Nf6 7. Nxc6 bxc6 8.
e5 Ng8 9. Bd4 f6 10. f4 Nh6 11. exf6 Bxf6 12. Bxf6 exf6 13. Qe2+ Qe7 14. O-O-O
Qxe2 15. Bxe2 d5 16. Bf3 Kf8 17. Rhe1 Bb7 18. Na4 Re8 19. Nc5 Bc8 20. Rxe8+
Kxe8 21. c4 dxc4 22. Bxc6+ Kf7 23. Bd5+ Kg7 24. Bxc4 Bg4 25. Ne6+ Bxe6 26. Bxe6
f5 27. Rd7+ Kf6 28. Bc4 a5 29. b3 1-0

*